| 000 | 00485nam a22001817a 4500 | ||
|---|---|---|---|
| 003 | OSt | ||
| 005 | 20260309151203.0 | ||
| 008 | 260309b |||||||| |||| 00| 0 eng d | ||
| 020 | _a9781473637498 | ||
| 082 |
_a155.9 _bHANF |
||
| 100 | _aRosling, Hans | ||
| 245 | _aFactfulness : Ten reasons we're wrong about the world-and why things are better than you think | ||
| 260 |
_aLondon _bSceptre _c2019 |
||
| 300 | _a342p | ||
| 546 | _aEnglish | ||
| 650 | _aPsychology | ||
| 942 |
_2ddc _cBK |
||
| 999 |
_c3959 _d3959 |
||